000 00601nam a2200181 a 4500
001 BRCA_576
005 20190320203054.0
008 311005s1997----mx-a---###---#000-0#spa-d
050 4 _aN910.M37
_b.H45 1997
100 1 _aHellion, Denise
_91987
245 1 0 _aMuseo Nacional de las Culturas
_cDenise Hellion y Gloria Falcón ; fotografía Carlos Blanco.
260 _aMéxico
_bCONACULTA : INAH
_c1997
300 _a43 p.
_bil.
_c20 cm.
610 2 4 _aMuseo Nacional de las Culturas (Ciudad de México)
_xHistoria
_91988
700 1 _aFalcón, Gloria
_91989
700 1 _aBlanco, Carlos
_91990
942 _2lcc
_cB
999 _c506
_d506